| 000 | 01383cad a22002415a 4500 | ||
|---|---|---|---|
| 001 | L141756 | ||
| 008 | 071218s2005 xxk f i000 0 eng d | ||
| 035 | _a(Sirsi) u141756 | ||
| 041 | 0 | _aeng | |
| 050 | 0 | 4 | _a333.72 $2 18 |
| 110 | 2 |
_aEuropean Union _tLaws, etc _95125 |
|
| 245 | 0 | 0 |
_aDirective 2005/32/EC of the European Parliament and of the Council of 6 July 2005 establishing a framework for the setting up of ecodesign requirements for energy-using products and amending Council Directive 92/42/EEC and Directives 96/57/EC and 2000/55/EC of the European Parliament and of the Council _h[electronic resource] |
| 260 |
_aBrussels _bEuropa _c2005 |
||
| 490 | 0 |
_aDirective _v2005/32/EC |
|
| 520 | _aEstablishes a framework for the setting of eco-design requirements for energy-using products and aims to improve the environmental performance of products throughout the life-cycle, by integrating environmental aspects at a very early stage in the product design. | ||
| 521 | _aAdvanced | ||
| 650 | 2 | 4 | _aDIRECTIVE 2005/32/EC |
| 651 | 4 | _aEuropean Union | |
| 690 | _aENVIRONMENTAL AND LAND CONSULTANCY-ENERGY-ENERGY USE-ENERGY CONSERVATION | ||
| 690 | _aBUILT ENVIRONMENT-SUSTAINABLE CONSTRUCTION | ||
| 856 | 4 | 0 |
_uhttps://eur-lex.europa.eu/LexUriServ/LexUriServ.do?uri=OJ:L:2005:191:0029:0029:EN:PDF _zView the Directive free of charge at http://eur-lex.europa.eu |
| 942 | _n0 | ||
| 999 |
_c107759 _d107759 |
||